| 000 | 01619pam a2200349 i 4500 | ||
|---|---|---|---|
| 999 |
_c598 _d598 |
||
| 001 | 018635527 | ||
| 003 | Uk | ||
| 005 | 20190904090656.0 | ||
| 008 | 171020s2018 enk j 000|1|eng|d | ||
| 015 |
_aGBB7N2184 _2bnb |
||
| 016 | 7 |
_a018635527 _2Uk |
|
| 020 |
_a9781406379242 _qpaperback |
||
| 040 |
_aStDuBDS _beng _cStDuBDS _dUk _erda |
||
| 042 | _aukblcatcopy | ||
| 082 | 0 | 4 |
_aFIC SHU _223 |
| 100 | 1 |
_aShusterman, Neal, _eauthor. |
|
| 245 | 1 | 0 |
_aScythe / _cNeal Shusterman. |
| 264 | 1 |
_aLondon : _bWalker Books, _c2018. |
|
| 300 |
_a440 pages ; _c20 cm. |
||
| 336 |
_atext _2rdacontent |
||
| 337 |
_aunmediated _2rdamedia |
||
| 338 |
_avolume _2rdacarrier |
||
| 490 | 0 |
_aArc of a scythe ; _v1 |
|
| 500 |
_aFormerly CIP. _5Uk |
||
| 520 | _a"A dark, gripping and witty thriller in which the only thing humanity has control over is death. In a world where disease, war and crime have been eliminated, the only way to die is to be randomly killed ("gleaned") by professional scythes. Citra and Rowan are teenagers who have been selected to be scythes' apprentices, and despite wanting nothing to do with the vocation, they must learn the art of killing and understand the necessity of what they do. Only one of them will be chosen as a scythe's apprentice and as Citra and Rowan come up against a terrifyingly corrupt Scythedom, it becomes clear that the winning apprentice's first task will be to glean the loser." | ||
| 650 | _aScience fiction. | ||
| 650 | _aMurder -- Fiction. | ||
| 655 | 0 | _aDystopias. | |
| 655 | 0 | _aYoung adult fiction. | |
| 942 |
_2ddc _cFIC |
||